[Event "EU-chT Seniors 12th"]
[Site "Dresden"]
[Date "2010.02.13"]
[Round "4"]
[White "Rosino, Antonio"]
[Black "Petzold, Hans"]
[Result "1/2-1/2"]
[WhiteElo "2245"]
[BlackElo "2152"]
[PlyCount "59"]
[EventDate "2010.02.10"]
[EventType "team-swiss"]
[EventRounds "9"]
[EventCountry "GER"]
[SourceTitle "CBM 134 Extra"]
[Source "ChessBase"]
[SourceDate "2010.03.03"]
[SourceVersion "1"]
[SourceVersionDate "2010.03.03"]
[SourceQuality "1"]
[WhiteTeam "Italy (Seniors)"]
[BlackTeam "Dresden USV TU (Seniors)"]
[WhiteTeamCountry "ITA"]
[BlackTeamCountry "GER"]

1. e4 e6 2. d4 d5 3. Nc3 Bb4 4. e5 c5 5. a3 Bxc3+ 6. bxc3 Qc7 7. Qg4 Ne7 8. Qxg7 Rg8 9. Qxh7 cxd4 10. Ne2 Nbc6 11. f4 Bd7 12. Qd3 dxc3 13. Nxc3 a6 14. Ne2 Rc8 15. Bd2 Na5 16. Bxa5 Qxa5+ 17. Qd2 Qb6 18. Nd4 Qb2 19. Rd1 Qxa3 20. Bd3 Qc5 21. Nb3 Qb6 22. Qf2 Qb4+ 23. Rd2 Bb5 24. 0-0 Bxd3 25. Rxd3 Nf5 26. Nd4 Nxd4 27. Rxd4 Qc5 28. Rd2 Ke7 29. f5 Rg5 30. Qxc5+ 1/2-1/2

[Event "EU-chT Seniors 12th"]
[Site "Dresden"]
[Date "2010.02.11"]
[Round "2"]
[White "Rosino, Antonio"]
[Black "Taylor, Robert Graham"]
[Result "1-0"]
[WhiteElo "2245"]
[BlackElo "2027"]
[PlyCount "111"]
[EventDate "2010.02.10"]
[EventType "team-swiss"]
[EventRounds "9"]
[EventCountry "GER"]
[SourceTitle "CBM 134 Extra"]
[Source "ChessBase"]
[SourceDate "2010.03.03"]
[SourceVersion "1"]
[SourceVersionDate "2010.03.03"]
[SourceQuality "1"]
[WhiteTeam "Italy (Seniors)"]
[BlackTeam "Wales (Seniors)"]
[WhiteTeamCountry "ITA"]
[BlackTeamCountry "WLS"]

1. e4 c5 2. c3 d5 3. exd5 Qxd5 4. d4 e6 5. Nf3 Nf6 6. Na3 Be7 7. Be2 0-0 8. Nb5 Na6 9. 0-0 Qd8 10. Bf4 Nd5 11. Bg3 cxd4 12. Qxd4 Qb6 13. c4 Qxd4 14. Nfxd4 Nf6 15. Bf3 Ne8 16. Rfe1 g6 17. Rad1 Nc5 18. a3 a6 19. Nc3 Bf6 20. b4 Nd7 21. Ne4 Bg7 22. Nd6 Nxd6 23. Bxd6 Re8 24. c5 Bf8 25. Bc7 Ra7 26. Bg3 e5 27. c6 bxc6 28. Nxc6 Rc7 29. Nxe5 Nxe5 30. Rxe5 Rxe5 31. Bxe5 Rc2 32. Bf6 Be6 33. h3 Rc8 34. Bb7 Rb8 35. Bxa6 Rb6 36. b5 Bb3 37. Bd8 Rxb5 38. Bxb5 Bxd1 39. a4 Bb3 40. Bc6 Bc5 41. a5 Bc4 42. Bb7 Kf8 43. a6 Ke8 44. Bg5 Kd7 45. Bf4 Ke8 46. g3 Bb5 47. Kg2 Be2 48. g4 f6 49. Kg3 g5 50. Bd2 h5 51. f3 h4+ 52. Kg2 Bb5 53. f4 gxf4 54. Bxf4 Be2 55. Bd2 Bd3 56. Be1 1-0

[Event "EU-chT Seniors 12th"]
[Site "Dresden"]
[Date "2010.02.10"]
[Round "1"]
[White "Kverndal, Leif"]
[Black "Rosino, Antonio"]
[Result "0-1"]
[WhiteElo "1974"]
[BlackElo "2245"]
[PlyCount "90"]
[EventDate "2010.02.10"]
[EventType "team-swiss"]
[EventRounds "9"]
[EventCountry "GER"]
[SourceTitle "CBM 134 Extra"]
[Source "ChessBase"]
[SourceDate "2010.03.03"]
[SourceVersion "1"]
[SourceVersionDate "2010.03.03"]
[SourceQuality "1"]
[WhiteTeam "Norway (Seniors) II"]
[BlackTeam "Italy (Seniors)"]
[WhiteTeamCountry "NOR"]
[BlackTeamCountry "ITA"]

1. d4 Nf6 2. Nf3 g6 3. g3 Bg7 4. Bg2 0-0 5. 0-0 d5 6. c4 dxc4 7. Ne5 c6 8. Nxc4 Be6 9. Ne5 Nbd7 10. Nxd7 Qxd7 11. Nc3 Rad8 12. e4 Qxd4 13. Qxd4 Rxd4 14. Be3 Rd3 15. Bxa7 Nd7 16. Be3 Ra8 17. Rfd1 Rxd1+ 18. Rxd1 Bxc3 19. bxc3 Rxa2 20. Bf1 b5 21. f4 Ra3 22. Rc1 b4 23. Bd2 b3 24. Rb1 Nc5 25. c4 Nxe4 26. Bb4 Ra2 27. Rxb3 Ra1 28. Re3 f5 29. Re1 Ra4 30. Bxe7 Bxc4 31. Bxc4+ Rxc4 32. Ba3 Rc2 33. Rc1 Rxc1+ 34. Bxc1 Kf7 35. Kg2 Ke6 36. Kf3 Kd5 37. g4 Kd4 38. gxf5 gxf5 39. Be3+ Kd3 40. Ba7 c5 41. Bb8 c4 42. Be5 c3 43. Kg2 c2 44. Bb2 Kd2 45. Kh3 Nd6 0-1

[Event "Wch Seniors 19th"]
[Site "Condino"]
[Date "2009.11.07"]
[Round "11"]
[White "Rosino, Antonio"]
[Black "Wahlbom, Magnus"]
[Result "1/2-1/2"]
[WhiteElo "2229"]
[BlackElo "2318"]
[PlyCount "37"]
[EventDate "2009.10.27"]
[EventType "swiss"]
[EventRounds "11"]
[EventCountry "ITA"]
[SourceTitle "EXT 2010"]
[Source "ChessBase"]
[SourceDate "2010.11.25"]
[SourceVersion "1"]
[SourceVersionDate "2010.11.25"]
[SourceQuality "1"]

1. e4 e6 2. d4 d5 3. Nc3 Bb4 4. e5 Ne7 5. a3 Bxc3+ 6. bxc3 c5 7. Qg4 0-0 8. Bd3 f5 9. exf6 Rxf6 10. Bg5 Rf7 11. Qh4 h6 12. Bxe7 Rxe7 13. Nf3 Nc6 14. 0-0 c4 15. Bg6 Qf8 16. Rfe1 Qf6 17. Qg3 Bd7 18. Ne5 Be8 19. Bxe8 1/2-1/2

[Event "Wch Seniors 19th"]
[Site "Condino"]
[Date "2009.11.05"]
[Round "9"]
[White "Rotelli, Pietro"]
[Black "Rosino, Antonio"]
[Result "0-1"]
[WhiteElo "1979"]
[BlackElo "2229"]
[PlyCount "54"]
[EventDate "2009.10.27"]
[EventType "swiss"]
[EventRounds "11"]
[EventCountry "ITA"]
[SourceTitle "EXT 2010"]
[Source "ChessBase"]
[SourceDate "2010.11.25"]
[SourceVersion "1"]
[SourceVersionDate "2010.11.25"]
[SourceQuality "1"]

1. d4 Nf6 2. c4 g6 3. Nc3 d5 4. e3 Bg7 5. Nf3 0-0 6. Bd3 c5 7. 0-0 Nc6 8. cxd5 Nxd5 9. Be4 Nf6 10. Bxc6 bxc6 11. dxc5 Qa5 12. Bd2 Qxc5 13. h3 Rd8 14. Rc1 Be6 15. Qa4 Qb6 16. Rc2 Rd6 17. e4 Nd7 18. Be3 c5 19. Bf4 Rd3 20. Ne1 Rd4 21. Qb5 Bc4 22. Qxb6 axb6 23. Be3 Bxf1 24. Bxd4 cxd4 25. Nd5 Ba6 26. Rc7 Nf6 27. Nxe7+ Kf8 0-1

[Event "Wch Seniors 19th"]
[Site "Condino"]
[Date "2009.11.04"]
[Round "8"]
[White "Rosino, Antonio"]
[Black "Van Riemsdijk, Herman Claudius"]
[Result "0-1"]
[WhiteElo "2229"]
[BlackElo "2385"]
[PlyCount "46"]
[EventDate "2009.10.27"]
[EventType "swiss"]
[EventRounds "11"]
[EventCountry "ITA"]
[SourceTitle "EXT 2010"]
[Source "ChessBase"]
[SourceDate "2010.11.25"]
[SourceVersion "1"]
[SourceVersionDate "2010.11.25"]
[SourceQuality "1"]

1. e4 c5 2. Nf3 Nc6 3. c3 e5 4. Bc4 Qc7 5. 0-0 Nf6 6. Qe2 Be7 7. Rd1 d6 8. h3 a6 9. a4 Bd7 10. d4 Na5 11. dxe5 dxe5 12. Nbd2 0-0 13. Bd5 Bd6 14. c4 Nxd5 15. cxd5 c4 16. Nf1 Nb3 17. Ra2 b5 18. Be3 bxa4 19. N3d2 Bb5 20. Qg4 Qc8 21. Nb1 Bb4 22. Qh5 f6 23. Nc3 a3 0-1

[Event "Wch Seniors 19th"]
[Site "Condino"]
[Date "2009.11.02"]
[Round "6"]
[White "Rosino, Antonio"]
[Black "Kernazhitsky, Leonid"]
[Result "1/2-1/2"]
[WhiteElo "2229"]
[BlackElo "2327"]
[PlyCount "99"]
[EventDate "2009.10.27"]
[EventType "swiss"]
[EventRounds "11"]
[EventCountry "ITA"]
[SourceTitle "EXT 2010"]
[Source "ChessBase"]
[SourceDate "2010.11.25"]
[SourceVersion "1"]
[SourceVersionDate "2010.11.25"]
[SourceQuality "1"]

1. e4 c5 2. Nf3 Nc6 3. c3 Nf6 4. e5 Nd5 5. d4 cxd4 6. cxd4 d6 7. Bc4 Nb6 8. Bb5 Bd7 9. exd6 e6 10. Bg5 f6 11. Bf4 Nd5 12. Bd2 Bxd6 13. Nc3 Nce7 14. Bc4 0-0 15. Ne4 Qb6 16. 0-0 Rac8 17. Qb3 Rxc4 18. Qxc4 Bb5 19. Qb3 Bxf1 20. Qxb6 axb6 21. Kxf1 Bb8 22. Rc1 Rc8 23. Rxc8+ Nxc8 24. Ke2 Kf7 25. g3 Ke7 26. Ne1 Kd7 27. Nc3 Nce7 28. Nxd5 Nxd5 29. Nc2 Bd6 30. Ne3 Kc6 31. a4 Nxe3 32. Kxe3 b5 33. b3 bxa4 34. bxa4 Kd5 35. Kd3 Bc7 36. f3 h5 37. Be1 g5 38. h3 Bb6 39. Bc3 Bc7 40. g4 h4 41. Bb4 Bd8 42. Bd2 Be7 43. Ba5 f5 44. Bc3 Bf6 45. Bb2 fxg4 46. fxg4 Be7 47. Bc1 Bf6 48. Be3 Be7 49. Bd2 Bf6 50. Be3 1/2-1/2

[Event "Wch Seniors 19th"]
[Site "Condino"]
[Date "2009.10.28"]
[Round "2"]
[White "Rosino, Antonio"]
[Black "Pushkov, Nikolai"]
[Result "0-1"]
[WhiteElo "2229"]
[BlackElo "2499"]
[PlyCount "96"]
[EventDate "2009.10.27"]
[EventType "swiss"]
[EventRounds "11"]
[EventCountry "ITA"]
[SourceTitle "EXT 2010"]
[Source "ChessBase"]
[SourceDate "2010.11.25"]
[SourceVersion "1"]
[SourceVersionDate "2010.11.25"]
[SourceQuality "1"]

1. e4 e6 2. d4 d5 3. Nc3 Nf6 4. e5 Nfd7 5. f4 c5 6. Nf3 Nc6 7. Be3 Be7 8. Qd2 a6 9. Bd3 b5 10. dxc5 Bxc5 11. Bxc5 Nxc5 12. 0-0 b4 13. Ne2 Qb6 14. Kh1 a5 15. Rfe1 Ba6 16. Ng3 g6 17. Bxa6 Rxa6 18. f5 gxf5 19. Qh6 Ne7 20. Ng5 Ra8 21. Nxf7 Rf8 22. Ng5 Kd7 23. Nxh7 Rh8 24. Nf6+ Kc6 25. Qe3 Rh4 26. Ne2 Rah8 27. Nd4+ Kb7 28. Nf3 R4h6 29. c3 Ne4 30. cxb4 axb4 31. Rac1 Nf2+ 32. Kg1 Nd3 33. Qxb6+ Kxb6 34. Nd7+ Ka5 35. Red1 Nxc1 36. Rxc1 Rc8 37. Nc5 Kb6 38. Nd7+ Ka7 39. Rxc8 Nxc8 40. Nd4 Nb6 41. Nc5 Nc4 42. b3 Nxe5 43. Ncxe6 Kb6 44. Nf4 Kc5 45. Nxf5 Rf6 46. g4 Nxg4 47. Nd3+ Kb6 48. Nd4 Ne3 0-1

[Event "ITA-ch Seniors 31st"]
[Site "Arvier"]
[Date "2009.05.01"]
[Round "8"]
[White "Rosino, Antonio"]
[Black "Maestri, Roberto"]
[Result "1-0"]
[WhiteElo "2258"]
[BlackElo "1570"]
[PlyCount "31"]
[EventDate "2009.04.24"]
[EventType "swiss"]
[EventRounds "9"]
[EventCountry "ITA"]
[SourceTitle "EXT 2011"]
[Source "ChessBase"]
[SourceDate "2010.11.26"]
[SourceVersion "1"]
[SourceVersionDate "2010.11.26"]
[SourceQuality "1"]

1. e4 d6 2. d4 Nf6 3. Nc3 c6 4. f4 Qa5 5. Bd3 e5 6. Nf3 Bg4 7. Be3 Be7 8. 0-0 0-0 9. Qe1 Nbd7 10. Nd5 Qxe1 11. Nxe7+ Kh8 12. Raxe1 Rae8 13. fxe5 dxe5 14. dxe5 Bxf3 15. exf6 Nxf6 16. Rxf3 1-0